000 00487nam a2200181Ia 4500
001 11024
005 20260306161915.0
008 260306t2009||||xx |||||||||||||| ||spa||
041 _aESP
082 _a985.001
_bB38
100 _aBelaunde Moreyra, Martín
_eAUT
245 0 _aVíctor Andrés Belaunde:
_bepistolario político con Manuel Prado e Ismael Bielich
260 _c2009
300 _a145 páginas :
_c21 cm.
650 _aGEN
654 _aCHU
942 _cLIB
_dJUS
_fJUS
_2ddc
_n
999 _c11024
_d11024